Introduction

Gespeichert in:
Bibliographische Detailangaben
1. Verfasser: Richnák, Patrik, 1988-
Format: Buchkapitel
Sprache:Englisch
Tags: Tag hinzufügen
Keine Tags, Fügen Sie das erste Tag hinzu!

MARC

LEADER 00000naa a2200000 4500
001 0280291
005 20240521102127.7
041 0 |a eng 
044 |a PL 
245 1 0 |a Introduction  |c Patrik Richnák 
100 1 |a Richnák, Patrik, 1988-